000 00733nam a22001577a 4500
003 OSt
005 20151212081410.0
008 151212b xxu||||| |||| 00| 0 eng d
040 _cRUA
082 _aATM.s VA 2004 B203 Or.1
100 _94739
_aVA, PHAVY.
245 _aStudy on management of acacia plantation in meanok area of sammaki meanchey district kampong chhnang province, សិក្សាការគ្រប់គ្រងចំការអាកាស្យានៅតំបន់មា​ នក​​​​​​​​ស្រុកសាមគ្គីមានជ័យ ខេត្តកំពង់ឆ្នាំង
260 _aPhnom Penh
_bRUA
_c2004
300 _avii; 41p.
_bill.
_c29cm.
942 _2ddc
_cATMSP
999 _c4416
_d4416